| 000 | 00514nam a22001817a 4500 | ||
|---|---|---|---|
| 003 | CEME | ||
| 005 | 20210628202952.0 | ||
| 008 | 210126b xxu||||| |||| 00| 0 eng d | ||
| 020 | _a3-540-24353-4 | ||
| 040 | _c. | ||
| 082 | _a620.11892 KAT | ||
| 100 |
_aKattan, Peter .I Voyiadjis, George .Z _962614 |
||
| 245 | _aMechanics of composite materials with matlab | ||
| 260 |
_aNEW YORK _bSPRINGER _c2005 |
||
| 300 | _aXI,336 P | ||
| 650 |
_aMECHANICS OF COMPOSITE MATERIALS WITH MATLAB _962615 |
||
| 942 |
_cBK _2ddc |
||
| 999 |
_c571676 _d571676 |
||